000
00335pab a2200145 454500
008
180718b2003 xxu||||| |||| 00| 0 eng d
100
_a
Dogra, Bharat
245
_a
Gandhiji's economic ideas remain relevant
260
_c
2003
300
_a
p.28-32.
362
_a
Oct
650
_a
Gandhi, M.K.
773
_a
Yojana
909
_a
58240
999
_c
58240
_d
58240